|
|
|
|
| LEADER |
01272nam a22003494a 4500 |
| 001 |
EBC201812 |
| 003 |
MiAaPQ |
| 005 |
20200520144314.0 |
| 006 |
m o d | |
| 007 |
cr cn||||||||| |
| 008 |
010207s2001 enk sb 001 0 eng |
| 010 |
|
|
|z 2001025236
|
| 020 |
|
|
|z 052179305X (hbk.)
|
| 035 |
|
|
|a (MiAaPQ)EBC201812
|
| 035 |
|
|
|a (Au-PeEL)EBL201812
|
| 035 |
|
|
|a (CaPaEBR)ebr10005041
|
| 035 |
|
|
|a (CaONFJC)MIL43300
|
| 035 |
|
|
|a (OCoLC)70752678
|
| 040 |
|
|
|a MiAaPQ
|c MiAaPQ
|d MiAaPQ
|
| 050 |
|
4 |
|a BJ1725
|b .O18 2001
|
| 082 |
0 |
4 |
|a 174
|2 21
|
| 100 |
1 |
|
|a Oakley, Justin,
|d 1960-
|
| 245 |
1 |
0 |
|a Virtue ethics and professional roles
|h [electronic resource] /
|c Justin Oakley, Dean Cocking.
|
| 260 |
|
|
|a Cambridge ;
|a New York :
|b Cambridge University Press,
|c 2001.
|
| 300 |
|
|
|a xii, 188 p.
|
| 504 |
|
|
|a Includes bibliographical references (p. 172-183) and index.
|
| 533 |
|
|
|a Electronic reproduction. Ann Arbor, MI : ProQuest, 2015. Available via World Wide Web. Access may be limited to ProQuest affiliated libraries.
|
| 650 |
|
0 |
|a Professional ethics.
|
| 655 |
|
4 |
|a Electronic books.
|
| 700 |
1 |
|
|a Cocking, Dean,
|d 1958-
|
| 710 |
2 |
|
|a ProQuest (Firm)
|
| 856 |
4 |
0 |
|u https://ebookcentral.proquest.com/lib/matrademy/detail.action?docID=201812
|z Click to View
|